Statistics for 2022 March Madness Teams by Logo

Click here to take the quiz!

General Stats

  • This quiz has been taken 136 times
  • The average score is 47 of 64

Answer Stats

Answer% Correct
Michigan
99%
Texas
98%
Kentucky
96%
Alabama
95%
Iowa
95%
Kansas
95%
Miami
95%
North Carolina
95%
Duke
94%
Wisconsin
94%
Baylor
93%
Purdue
93%
Tennessee
93%
Lsu
92%
Notre Dame
92%
Texas Tech
92%
Arizona
91%
Auburn
91%
Indiana
91%
Arkansas
90%
Houston
90%
Illinois
90%
Virginia Tech
90%
Usc
89%
Iowa State
88%
Yale
88%
Ucla
85%
Uconn
85%
Creighton
83%
Memphis
80%
San Diego State
80%
Marquette
79%
Ohio State
79%
Vermont
77%
Saint Marys
76%
Boise State
75%
Colgate
75%
Loyola Chicago
75%
Michigan State
72%
Gonzaga
70%
Villanova
66%
Providence
65%
TCU
65%
Saint Peters
64%
San Francisco
63%
Seton Hall
61%
Richmond
60%
South Dakota State
60%
Texas Southern
60%
New Mexico State
59%
UAB
59%
Akron
58%
Colorado State
56%
Murray State
55%
Davidson
53%
Georgia State
53%
Delaware
51%
Montana State
39%
Norfolk State
34%
Cal State Fullerton
33%
Wright State
30%
Longwood
29%
Jacksonville State
23%
Chattanooga
21%

Score Distribution

Percentile by Number Answered

Percent of People with Each Score

Your Score History

You have not taken this quiz